English Football League Trophy Winners - Statistics

General Stats
  • This quiz has been taken 28 times
    10 since last reset
  • The average score is 28 of 44
Answer Stats
Seasons Winners % Correct
1990-91 Birmingham City
78%
1994-95 Birmingham City
78%
2001-02 Blackpool
78%
2003-04 Blackpool
78%
2008-09 Luton Town
78%
2018-19 Portsmouth
78%
2020-21 Sunderland
78%
1993-94 Swansea City
78%
2005-06 Swansea City
78%
2004-05 Wrexham
78%
1985-86 Bristol City
67%
2002-03 Bristol City
67%
2014-15 Bristol City
67%
1996-97 Carlisle United
67%
2010-11 Carlisle United
67%
2016-17 Coventry City
67%
2012-13 Crewe Alexandra
67%
1992-93 Port Vale
67%
2000-01 Port Vale
67%
2019-20 Salford City
67%
2009-10 Southampton
67%
1989-90 Tranmere Rovers
67%
1984-85 Wigan Athletic
67%
1998-99 Wigan Athletic
67%
1988-89 Bolton Wanderers
56%
2022-23 Bolton Wanderers
56%
1983-84 Bournemouth
56%
2011-12 Chesterfield
56%
2006-07 Doncaster Rovers
56%
1981-82 Grimsby Town
56%
1997-98 Grimsby Town
56%
2017-18 Lincoln City
56%
1982-83 Millwall
56%
2013-14 Peterborough United
56%
2023-24 Peterborough United
56%
2024-25 Peterborough United
56%
1995-96 Rotherham United
56%
2021-22 Rotherham United
56%
1991-92 Stoke City
56%
1999-00 Stoke City
56%
1987-88 Wolverhampton Wanderers
56%
2015-16 Barnsley
44%
1986-87 Mansfield Town
44%
2007-08 Milton Keynes Dons
44%
No matching quizzes found
Score Distribution
Percent of People with Each Score
Percentile by Number Answered
Your Score History
You have not taken this quiz since the last reset